From Starring to Dating Quiz Stats

 Plays Quiz Updated Dec 16, 2018

Also try: The Office Dating
Challenge
Share
Tweet
Embed
Score 0/28 Timer 07:00
0 Plays Today
Couple TV show/movie % Correct
Brad Pitt & Angelina JolieMr. & Mrs. Smith
90.3%
Zac Efron & Vanessa HudgensHigh School Musical
78.4%
Vince Vaughn & Jennifer AnistonThe Break-Up
76.2%
Ryan Gosling & Rachel McAdamsThe Notebook
73.7%
Penn Badgley & Blake LivelyGossip Girl
59.1%
Chad Michael Murray & Sophia BushOne Tree Hill
58.3%
David Arquette & Courteney Cox-ArquetteScream
56.7%
Ryan Phillippe & Reese WitherspoonCruel Intentions
52.6%
Heath Ledger & Michelle WilliamsBrokeback Mountain
52.4%
Stephen Moyer & Anna PaquinTrue Blood
51%
Matt Damon & Minnie DriverGood Will Hunting
50.6%
Ben Affleck & Jennifer GarnerDaredevil & Pearl Harbor
48.4%
Dominic Cooper & Amanda SeyfriedMamma Mia!
42.5%
Channing Tatum & Jenna DewanStep Up
41.6%
Couple TV show/movie % Correct
Michael C. Hall & Jennifer CarpenterDexter
40.4%
Milo Ventimiglia & Alexis BledelGilmore Girls
40.1%
Owen Wilson & Kate HudsonYou, Me, and Dupree
34.9%
Brad Pitt & Gwyneth PaltrowSe7en
33.6%
Tom Cruise & Nicole KidmanDays of Thunder
32.8%
Freddie Prinze Jr. & Sarah Michelle GellarI Know What You Did Last Summer
30.4%
Hayden Christensen & Rachel BilsonJumper
28.3%
Tim Robbins & Susan SarandonBull Durham
27.4%
Matthew McConaughey & Penelope CruzSahara
24.3%
Jude Law & Sienna MillerAlfie
23.9%
Kiefer Sutherland & Julia RobertsFlatliners
18.6%
Russell Crowe & Meg RyanProof of Life
14.3%
Billy Bob Thornton & Angelina JoliePushing Tin
8.7%
Alec Baldwin & Kim BasingerThe Marrying Man
3.9%

You're not logged in!

Compare scores with friends on all Sporcle quizzes.
OR
Log In

You Might Also Like...

Show Comments

Extras

Top Quizzes Today


Score Distribution

Your Account Isn't Verified!

In order to create a playlist on Sporcle, you need to verify the email address you used during registration. Go to your Sporcle Settings to finish the process.

Report this User

Report this user for behavior that violates our Community Guidelines.

Details: